| 000 | 00625nam a22002057a 4500 | ||
|---|---|---|---|
| 999 |
_c18191 _d18191 |
||
| 003 | AR-CdUCM | ||
| 008 | 190513b ||||| |||| 00| 0 spa d | ||
| 040 |
_aMUNICIPALIDAD PROVINCIAL DEL CUSCO _cBIBLIOTECA MUNICIPAL DEL CUSCO |
||
| 082 |
_a895.36 / _bL75 |
||
| 100 |
_aLobsang Rampa, T. _911039 |
||
| 245 | _aEl camino de la vida / | ||
| 260 |
_aBuenos Aires : _bTroquel, _c1967. |
||
| 300 |
_a257 páginas ; _c20 cm. |
||
| 505 | _aContenido: Novela | ||
| 650 |
_aNovelas tibetanas _937019 |
||
| 650 |
_aSiglo XX. _98 |
||
| 700 |
_aEchávarri, Luis (traductor) _938644 |
||
| 942 |
_2ddc _cLIBROS |
||
| 945 |
_aacv _d2015-05-13 |
||